00465nam a2200157Ia 4500008004100000082002100041100001700062245003600079260004100115300002100156365000600177520002600183630003600209650002600245730003600271100920s9999 xx 000 0 und d b31705a11 थ 40 aFALLS CYRIL. aWAS GERMANY DEFEATED IN 1918 ?. bOXFORD AT THE CLARENDON PRESS.c1940 a32bसाधी b0 aएच.पी.बी. aWAS GERMANY DEFEATED IN 1918 ?. aएच.पी.बी. aWAS GERMANY DEFEATED IN 1918 ?.